Normal view
MARC view
Entry Personal Name
001 - CONTROL NUMBER
- control field: 26806
003 - CONTROL NUMBER IDENTIFIER
- control field: Doon University
005 - DATE AND TIME OF LATEST TRANSACTION
- control field: 20260513121731.0
008 - FIXED-LENGTH DATA ELEMENTS
- fixed length control field: 260513|| aca||aabn | a|a d
040 ## - CATALOGING SOURCE
- Original cataloging agency: Doon University
- Transcribing agency: Doon University
100 ## - HEADING--PERSONAL NAME
- Personal name: Smith, Peter W. G
670 ## - SOURCE DATA FOUND
- Source citation: Work cat.: (Doon University)49076: Furniss,Brian S 13308, Vogel's Textbook of Practical Organic Chemistry, 2015